Sabrina Carpenter - Paroles because i liked a boy - Statistiques

Statistiques générales
  • Ce quiz a été pris 138 fois
    134 depuis la dernière actualisation
  • Le résultat moyen est 260 sur 318
Statistiques - réponses
Hint Réponse % Correct
a
100%
A
100%
Couplet 1 I
100%
be
97%
all
96%
All
96%
because
96%
boy
96%
boy,
96%
you
96%
You
96%
I'm
95%
in
95%
me
95%
No,
95%
Who
95%
who
95%
am,
93%
and
93%
And
93%
have
93%
liked
93%
your
93%
Tell
92%
tell
92%
don't
91%
said
91%
slut
91%
up
91%
choice
89%
eyes
89%
guy
89%
When
88%
Refrain Now
86%
so
86%
We
86%
knew
85%
stars
85%
got
84%
it
82%
It
82%
Black
80%
death
80%
exes
78%
homewrecker
78%
homewrecker,
78%
on
78%
to
78%
trucks
78%
was
78%
Was
78%
with
78%
innocent
77%
could
76%
everything
76%
reckless
74%
complicated
73%
deeply
70%
Peas
70%
the
70%
guess
69%
semi
69%
for
68%
into
68%
what?
68%
already
66%
broken
66%
filling
66%
Eyed
65%
over
65%
this
65%
threats
65%
down,
64%
Bridge | Pré-refrain Fell
64%
hot
64%
love
64%
showed
64%
Thin
64%
tongue
64%
wanted
64%
not
62%
of
62%
But
61%
favorite
61%
topic
61%
always
59%
first
59%
I'll
59%
went
57%
Mints
55%
Please,
55%
trampolines
55%
heart
54%
from
53%
late
53%
too
53%
young
53%
boombox
51%
gettin'
51%
Just
51%
bonded
50%
boys
50%
cuddling
50%
close
49%
Dating
47%
rebound
47%
2
46%
going
46%
kids
46%
'round,
46%
stealin'
46%
through
46%
It's
45%
recommend
45%
only
43%
we'd
43%
hold
42%
While
42%
catastrophizing
41%
internet
41%
wouldn't
41%
Everything's
38%
derailing
32%
failing
32%
tryna
30%
illusions
27%
Aucun quiz correspondant
Distribution des résultats
% des personnes avec chaque résultat
Percentile par nombre de réponses
Votre historique - résultats
Vous n’avez pas pris ce quiz depuis la dernière actualisation